[Event "World Blitz 2025"]
[Site "Doha QAT"]
[Date "2025.12.30"]
[Round "17.2"]
[White "Sindarov, Javokhir"]
[Black "Erigaisi, Arjun"]
[Result "0-1"]
[WhiteTitle "GM"]
[BlackTitle "GM"]
[WhiteElo "2726"]
[BlackElo "2775"]
[WhiteFideId "14205483"]
[BlackFideId "35009192"]
[EventDate "2025.12.29"]

1. e4 c5 2. Nc3 e6 3. d4 cxd4 4. Qxd4 Nc6 5. Qe3 Be7 6. Nf3 d5 7. exd5 exd5 8.
Qf4 Nf6 9. Be3 O-O 10. O-O-O Be6 11. Bd3 Rc8 12. Rhe1 Bb4 13. Qh4 Bxc3 14. bxc3
Qa5 15. Ng5 h6 16. Nxe6 fxe6 17. Bxh6 gxh6 18. Qxh6 Rc7 19. Rxe6 Qxc3 20. Re3
Qa3+ 21. Kb1 Qb4+ 22. Kc1 Rg7 23. Rg3 Qa3+ 24. Kb1 Qe7 25. Bf5 Rf7 26. Re3 Qb4+
27. Rb3 Qd6 28. Rh3 Kf8 29. Qh8+ Ng8 30. g4 Ne5 31. Rc3 Nc4 32. Qh4 Qf6 33. Qg3
Rc7 34. Rxd5 Rge7 35. Rd8+ Kg7 36. Rd1 Rc6 37. Rb3 a5 38. Qd3 a4 39. Rb4 Rd6 40.
Rxc4 Rxd3 41. Bxd3 Qb6+ 42. Kc1 a3 43. f4 Qe3+ 44. Kb1 Qd2 0-1

[Event "World Blitz 2025"]
[Site "Doha QAT"]
[Date "2025.12.30"]
[Round "17.4"]
[White "Duda, Jan-Krzysztof"]
[Black "Vachier-Lagrave, Maxime"]
[Result "1/2-1/2"]
[WhiteTitle "GM"]
[BlackTitle "GM"]
[WhiteElo "2729"]
[BlackElo "2734"]
[WhiteFideId "1170546"]
[BlackFideId "623539"]
[EventDate "2025.12.29"]

1. d4 Nf6 2. Nf3 d5 3. Bf4 c5 4. e3 Nc6 5. c3 e6 6. Nbd2 Nh5 7. Bg5 f6 8. Bh4 g6
9. Bd3 cxd4 10. cxd4 Be7 11. O-O O-O 12. Rc1 Bd7 13. a3 Rc8 14. b4 Bd6 15. Nb3
b6 16. Ba6 Rc7 17. Qe2 Ne7 18. Rxc7 Bxc7 19. Rc1 Nf5 20. Bg3 Nhxg3 21. hxg3 Nd6
22. Nfd2 Ba4 23. Qd3 Rf7 24. Rc3 Kg7 25. Nc1 Bb8 26. Ne2 Bd7 27. Nf4 Qe8 28. Qc2
Re7 29. Bd3 g5 30. Ne2 h5 31. e4 dxe4 32. Nxe4 Nxe4 33. Bxe4 Bd6 34. Bc6 Qg6 35.
Be4 Qe8 36. Bc6 Qg6 37. Be4 1/2-1/2

[Event "World Blitz 2025"]
[Site "Doha QAT"]
[Date "2025.12.30"]
[Round "17.5"]
[White "Artemiev, Vladislav"]
[Black "Yu, Yangyi"]
[Result "1/2-1/2"]
[WhiteTitle "GM"]
[BlackTitle "GM"]
[WhiteElo "2641"]
[BlackElo "2717"]
[WhiteFideId "24101605"]
[BlackFideId "8603820"]
[EventDate "2025.12.29"]

1. Nf3 d5 2. g3 Nf6 3. Bg2 e6 4. c4 Be7 5. d4 O-O 6. Nc3 Nbd7 7. Nd2 c5 8. dxc5
Nxc5 9. cxd5 exd5 10. O-O d4 11. Nce4 Re8 12. Nxc5 Bxc5 13. Nf3 h6 1/2-1/2

[Event "World Blitz 2025"]
[Site "Doha QAT"]
[Date "2025.12.30"]
[Round "17.6"]
[White "Lu, Shanglei"]
[Black "So, Wesley"]
[Result "1/2-1/2"]
[WhiteTitle "GM"]
[BlackTitle "GM"]
[WhiteElo "2643"]
[BlackElo "2753"]
[WhiteFideId "8603332"]
[BlackFideId "5202213"]
[EventDate "2025.12.29"]

1. e4 e5 2. Nf3 Nc6 3. d4 exd4 4. Nxd4 Nf6 5. Nxc6 bxc6 6. Qe2 Rb8 7. g3 d5 8.
e5 Ne4 9. Bg2 Nc5 10. b3 Be7 11. O-O O-O 12. c4 Ne6 13. Rd1 Bb7 14. Nc3 d4 15.
Ne4 c5 16. f4 g6 17. Bd2 Qd7 18. Nf2 Bxg2 19. Kxg2 f5 20. exf6 Bxf6 21. Nd3 Rbe8
22. Qf3 Be7 23. Re1 Bd6 24. h4 c6 25. Re2 Ng7 26. Rae1 h5 27. Ne5 Bxe5 28. Rxe5
Nf5 29. Qe4 Kf7 30. Qd3 1/2-1/2

[Event "World Blitz 2025"]
[Site "Doha QAT"]
[Date "2025.12.30"]
[Round "17.7"]
[White "Martirosyan, Haik M."]
[Black "Abdusattorov, Nodirbek"]
[Result "1/2-1/2"]
[WhiteTitle "GM"]
[BlackTitle "GM"]
[WhiteElo "2625"]
[BlackElo "2732"]
[WhiteFideId "13306553"]
[BlackFideId "14204118"]
[EventDate "2025.12.29"]

1. d4 Nf6 2. Bg5 d5 3. e3 c5 4. c3 Nc6 5. Nd2 Qb6 6. Qb3 e6 7. Ngf3 Be7 8. Be2
O-O 9. O-O Bd7 10. Ne5 Rfd8 11. a4 Qxb3 12. Nxb3 cxd4 13. exd4 Kf8 14. Nd3 h6
15. Bf4 Be8 16. a5 Ne4 17. Ra2 g5 18. Be3 Nd6 19. f4 Nc4 20. Bc1 b6 21. a6 Kg7
22. Ne5 Nd6 23. Nd2 f6 24. Nxc6 Bxc6 25. Nf3 Ne4 26. Bd3 Bd6 27. Ne1 b5 28. Nc2
f5 29. Ra1 Kg6 30. Be3 Rab8 31. Nb4 Bd7 32. Be2 Rb6 33. Ra5 Rc8 34. Bd3 Bxb4 35.
cxb4 Nd6 36. Raa1 Nc4 37. Bc1 Rcc6 38. g4 Rxa6 39. Rxa6 Rxa6 40. Re1 Rc6 41.
gxf5+ exf5 42. Kf2 Nd6 43. fxg5 hxg5 44. Rg1 Ne4+ 45. Bxe4 dxe4 46. Bxg5 Rc2+
47. Ke3 Rxb2 48. d5 Kf7 49. Bf4 Rxb4 50. h4 Rb3+ 51. Kd4 Rh3 52. Bg5 b4 53. Rc1
b3 54. Rc7 Ke8 55. Rb7 Rd3+ 56. Kc4 Bc8 57. Rxb3 Ba6+ 58. Kb4 Rxd5 59. Ra3 Rb5+
60. Kc3 Rb6 61. Kd4 Kf7 62. Ke5 Kg6 63. Kf4 Rc6 64. h5+ Kf7 65. Kxf5 Bc8+ 66.
Kxe4 Rc4+ 67. Kd5 Rc7 68. h6 Kg6 69. Bf4 Rf7 70. Ke4 Bb7+ 71. Ke3 Re7+ 72. Kf2
Rf7 73. Kg3 Be4 74. Ra5 Kh7 75. Re5 Bf5 76. Re8 Bg6 77. Rb8 Re7 78. Kg4 Rf7 79.
Bg5 Bf5+ 80. Kg3 Bg6 81. Rd8 Be4 82. Kh4 a5 83. Re8 Bc6 84. Re6 Bd7 85. Ra6 a4
86. Ra7 Be8 87. Ra8 Bc6 88. Ra6 Bd7 89. Ra7 Be8 90. Ra8 Bb5 91. Bc1 Rc7 92. Bf4
Rf7 93. Kg5 Bd7 94. Bd2 Rf5+ 95. Kh4 Rd5 96. Bf4 Rd3 97. Kg5 Rd5+ 98. Kh4 Rd4
99. Kg5 Rd5+ 100. Kh4 Rd4 101. Kg5 Rd5+ 102. Kh4 1/2-1/2

[Event "World Blitz 2025"]
[Site "Doha QAT"]
[Date "2025.12.30"]
[Round "17.8"]
[White "Radjabov, Teimour"]
[Black "Sevian, Samuel"]
[Result "1-0"]
[WhiteTitle "GM"]
[BlackTitle "GM"]
[WhiteElo "2692"]
[BlackElo "2688"]
[WhiteFideId "13400924"]
[BlackFideId "2040506"]
[EventDate "2025.12.29"]

1. e4 e5 2. Nf3 Nc6 3. Bc4 Bc5 4. d3 Nf6 5. Be3 Bb6 6. O-O d6 7. a4 O-O 8. Nbd2
h6 9. h3 Be6 10. Qe2 d5 11. exd5 Nxd5 12. Bxb6 axb6 13. Rfe1 Re8 14. Qd1 Nf4 15.
Kh2 Bxc4 16. Nxc4 Qf6 17. Re4 Re6 18. Qd2 Rae8 19. Rae1 Qg6 20. g3 Qh5 21. Ng1
Ng6 22. c3 f5 23. R4e2 R6e7 24. Qd1 Qg5 25. Qd2 Qf6 26. Qd1 Rd8 27. Qc2 Red7 28.
Rd2 h5 29. Nf3 h4 30. Qd1 hxg3+ 31. fxg3 Rd5 32. Qe2 Re8 33. Ne3 Rdd8 34. Ng2
Nf8 35. Rf1 Nd7 36. b4 Nf8 37. Qf2 g6 38. Rdd1 Kg7 39. Rd2 Ne6 40. b5 Na5 41.
Re2 Nc5 42. d4 Nd3 43. dxe5 Nxe5 44. Nxe5 Rxe5 45. Rfe1 Nc4 46. Qf4 Rxe2 47.
Qxc7+ Qe7 48. Qxe7+ Rxe7 49. Rxe7+ Kf6 50. Rc7 Na5 51. h4 Rd1 52. Nf4 Ra1 53.
Rd7 Nc4 54. Rd4 Rxa4 55. Kh3 Kf7 56. Rd7+ Kf6 57. Rxb7 Ra1 58. Rc7 Ne3 59. Rc6+
Kf7 60. Kh2 Ra2+ 61. Kg1 Rc2 62. Rc7+ Kf6 63. Rc6+ Kf7 64. Rxb6 Rc1+ 65. Kf2
Ng4+ 66. Ke2 Rxc3 67. Rb7+ Ke8 68. b6 Rxg3 69. Rc7 1-0

[Event "World Blitz 2025"]
[Site "Doha QAT"]
[Date "2025.12.30"]
[Round "17.9"]
[White "Lazavik, Denis"]
[Black "Nepomniachtchi, Ian"]
[Result "1/2-1/2"]
[WhiteTitle "GM"]
[BlackTitle "GM"]
[WhiteElo "2605"]
[BlackElo "2723"]
[WhiteFideId "13515110"]
[BlackFideId "4168119"]
[EventDate "2025.12.29"]

1. c4 Nf6 2. Nc3 e5 3. Nf3 Nc6 4. d3 d5 5. cxd5 Nxd5 6. g3 Bc5 7. Bg2 O-O 8. Bd2
Nxc3 9. Bxc3 Qe7 10. O-O a5 11. Rc1 Nd4 12. e3 Nxf3+ 13. Qxf3 c6 14. a3 Re8 15.
Qh5 Bb6 16. Kh1 Bd7 17. Be4 g6 18. Qe2 f6 19. Bg2 Be6 20. f4 exf4 21. Rxf4 f5
22. e4 Rad8 23. Rcf1 Bc8 24. Qc2 Be3 25. R4f3 Bd4 26. Rf4 Bxc3 27. Qxc3 Qe5 28.
Qxe5 Rxe5 29. exf5 Bxf5 30. Be4 Bxe4+ 31. dxe4 Re7 32. R1f2 Rd4 33. Re2 a4 34.
h4 Kg7 35. Kg2 b5 36. e5 Rd5 37. Rfe4 Kf7 38. Rf4+ Ke8 39. Rfe4 Kd7 40. e6+ Kd6
41. Kf3 Rf5+ 42. Kg2 h5 43. g4 hxg4 44. Rd4+ Rd5 45. Rxg4 Rxe6 46. Rxe6+ Kxe6
47. Rxg6+ Kd7 48. Rf6 c5 49. Kg3 b4 50. axb4 cxb4 51. Ra6 a3 1/2-1/2

[Event "World Blitz 2025"]
[Site "Doha QAT"]
[Date "2025.12.30"]
[Round "17.10"]
[White "Hakobyan, Aram"]
[Black "Bu, Xiangzhi"]
[Result "1-0"]
[WhiteTitle "GM"]
[BlackTitle "GM"]
[WhiteElo "2613"]
[BlackElo "2665"]
[WhiteFideId "13306677"]
[BlackFideId "8601445"]
[EventDate "2025.12.29"]

1. d4 d5 2. c4 c6 3. cxd5 cxd5 4. Bf4 Nc6 5. e3 Bf5 6. Qb3 Qb6 7. Qxb6 axb6 8.
Nc3 e6 9. Rc1 Nf6 10. Bb5 Be7 11. Nf3 O-O 12. O-O Rfc8 13. a3 Nd7 14. h3 h6 15.
Nd2 Bd8 16. Be2 Na7 17. Nb5 Nxb5 18. Bxb5 Nf6 19. f3 g5 20. Be5 Bg6 21. g4 Kf8
22. Bd6+ Be7 23. Bc7 Ra5 24. a4 Rxb5 25. axb5 Bd3 26. Bxb6 Ra8 27. Ra1 Re8 28.
Rfc1 Bxb5 29. Bc5 Bc6 30. Nb3 Bxc5 31. Rxc5 Nd7 32. Rc3 e5 33. dxe5 Nxe5 34. Nd4
h5 35. b3 hxg4 36. hxg4 Kg7 37. Kg2 Ng6 38. Rh1 Ra8 39. Rc2 Bd7 40. Kg3 Ne5 41.
Rch2 Kf6 42. Rc2 Kg7 43. Rh5 Kf6 44. Rh6+ Ke7 45. Nf5+ Bxf5 46. gxf5 Kd7 47. Rb6
Ra7 48. Rc5 Nc6 49. Rxd5+ Kc7 50. Rbb5 f6 51. Rd2 Ra1 52. Rbd5 Rb1 53. Rd7+ Kb6
54. R7d6 Rxb3 55. e4 Kc7 56. Rxf6 Ne5 57. Re6 Nxf3 58. Rc2+ Kd7 59. Kg4 Rd3 60.
Rc5 Re3 61. Rd5+ Kc7 62. f6 Nh2+ 63. Kxg5 Rg3+ 64. Kh5 Rh3+ 65. Kg6 Rg3+ 66. Rg5
Ng4 67. f7 1-0

[Event "World Blitz 2025"]
[Site "Doha QAT"]
[Date "2025.12.30"]
[Round "17.11"]
[White "Narayanan, S.L."]
[Black "Nihal, Sarin"]
[Result "0-1"]
[WhiteTitle "GM"]
[BlackTitle "GM"]
[WhiteElo "2616"]
[BlackElo "2701"]
[WhiteFideId "5058422"]
[BlackFideId "25092340"]
[EventDate "2025.12.29"]

1. d4 d5 2. Nf3 e6 3. c4 Nc6 4. Nc3 a6 5. cxd5 exd5 6. Bf4 Nf6 7. e3 Nh5 8. Bg5
Be7 9. Bxe7 Nxe7 10. Bd3 O-O 11. Qc2 g6 12. O-O Nf6 13. Rac1 Bf5 14. Na4 Bxd3
15. Qxd3 Nf5 16. Nc5 Nd6 17. Ne5 c6 18. Qb3 Qe7 19. Qa3 Rfe8 20. Rc2 Kg7 21. h3
h5 22. Rfc1 Nfe4 23. Nxe4 Nxe4 24. Qxe7 Rxe7 25. Nd3 h4 26. a4 g5 27. Kf1 Nd6
28. b3 Rae8 29. Rb1 f6 30. Rcb2 Kg6 31. Rc2 Kf7 32. Rcb2 Rg8 33. Ke2 Kg7 34. Rh1
Rf8 35. Rbb1 f5 36. Ne5 f4 37. b4 fxe3 38. fxe3 Ne4 39. Nf3 Nc3+ 40. Kd3 Nxb1
41. Rxb1 Kh6 42. b5 axb5 43. axb5 Ra8 44. Rb3 Ra2 45. Ne5 Rxg2 46. bxc6 bxc6 47.
Rb6 Re6 48. Nf7+ Kg6 49. Nd8 Rf6 50. Nxc6 Kh5 51. Kc3 Rg3 52. Kb4 Rxh3 53. Kc5
Rxe3 54. Kxd5 Ree6 0-1

[Event "World Blitz 2025"]
[Site "Doha QAT"]
[Date "2025.12.30"]
[Round "17.12"]
[White "Jobava, Baadur"]
[Black "Matlakov, Maxim"]
[Result "1/2-1/2"]
[WhiteTitle "GM"]
[BlackTitle "GM"]
[WhiteElo "2568"]
[BlackElo "2606"]
[WhiteFideId "13601520"]
[BlackFideId "4168003"]
[EventDate "2025.12.29"]

1. e4 c5 2. c3 Nf6 3. d3 Nc6 4. f4 e6 5. Nf3 Be7 6. Be2 O-O 7. O-O b5 8. Kh1 Rb8
9. a3 a5 10. Be3 b4 11. Nbd2 bxc3 12. bxc3 d5 13. e5 Ng4 14. Bg1 Ba6 15. Nb3 Qb6
16. Nfd2 Nh6 17. Rb1 Qa7 18. a4 Nf5 19. g4 Nh4 20. d4 Bxe2 21. Qxe2 c4 22. Na1
Rxb1 23. Rxb1 Rb8 24. Qd1 f5 25. exf6 Bxf6 26. Nc2 Be7 27. Qe2 Kf7 28. Re1 Qd7
29. Bf2 Rb2 30. Ne3 Rxd2 31. Qxd2 Nf3 32. Qc2 Nxe1 33. Bxe1 h6 34. Kg2 Bd6 35.
Bg3 Ne7 36. Kf3 Ng8 37. h4 Nf6 38. h5 Ne4 39. Nxc4 Bc7 40. Nd2 Nxd2+ 41. Qxd2
Qxa4 42. Qd3 Qd7 43. g5 hxg5 44. fxg5 Bxg3 45. Kxg3 a4 46. Qa6 Qc7+ 47. Kg4 Qd7
48. Kh4 Qc7 49. Kg4 Qd7 50. Qa8 e5+ 51. Kh4 exd4 52. g6+ Ke6 53. cxd4 Qe7+ 54.
Kg4 a3 55. Qa6+ Kd7 56. Qb7+ Ke6 57. Qc6+ Qd6 58. Qxd6+ Kxd6 59. h6 gxh6 60. g7
a2 61. g8=Q a1=Q 62. Qg6+ Kc7 63. Qg7+ Kc6 64. Qxh6+ Kb5 65. Qd2 Kc4 66. Qe2+
Kxd4 67. Qd2+ Kc4 68. Qe2+ Kc5 69. Qc2+ Kb4 70. Qd2+ Kc4 71. Qe2+ Kc5 72. Qc2+
Kd6 73. Qg6+ Kc5 74. Qc2+ Kb4 75. Qd2+ Kc4 1/2-1/2

[Event "World Blitz 2025"]
[Site "Doha QAT"]
[Date "2025.12.30"]
[Round "17.13"]
[White "Grandelius, Nils"]
[Black "Firouzja, Alireza"]
[Result "0-1"]
[WhiteTitle "GM"]
[BlackTitle "GM"]
[WhiteElo "2664"]
[BlackElo "2762"]
[WhiteFideId "1710400"]
[BlackFideId "12573981"]
[EventDate "2025.12.29"]

1. d4 d6 2. e4 c6 3. Nf3 Bg4 4. Bd3 e5 5. c3 Nd7 6. Nbd2 Ngf6 7. O-O Be7 8. Re1
O-O 9. h3 Bh5 10. Nf1 Re8 11. Ng3 Bg6 12. a4 Bf8 13. a5 Qc7 14. Bc2 Rad8 15. Nh4
d5 16. Nxg6 hxg6 17. dxe5 Nxe5 18. Qd4 c5 19. Qa4 d4 20. cxd4 cxd4 21. Bb3 Bc5
22. Nf1 d3 23. Be3 d2 24. Bxd2 Nf3+ 25. gxf3 Rxd2 26. Nxd2 Qg3+ 27. Kh1 Qxh3+
28. Kg1 Re5 29. Bxf7+ 0-1

[Event "World Blitz 2025"]
[Site "Doha QAT"]
[Date "2025.12.30"]
[Round "17.14"]
[White "Aronian, Levon"]
[Black "Ponomariov, Ruslan"]
[Result "1/2-1/2"]
[WhiteTitle "GM"]
[BlackTitle "GM"]
[WhiteElo "2729"]
[BlackElo "2639"]
[WhiteFideId "13300474"]
[BlackFideId "14103320"]
[EventDate "2025.12.29"]

1. e4 e5 2. Bc4 Nf6 3. d3 Nc6 4. Nc3 Na5 5. Qf3 Nxc4 6. dxc4 Be7 7. Nge2 d6 8.
h3 Be6 9. b3 c6 10. O-O O-O 11. Rd1 Qc7 12. a4 a5 13. Ng3 Rfe8 14. Nf5 Bf8 15.
Ba3 Bxf5 16. Qxf5 Re6 17. Rd3 g6 18. Qg5 Nd7 19. Rad1 b6 20. Qd2 Nc5 21. Bxc5
bxc5 22. Ne2 h5 23. Rf3 Kh7 24. g3 Bh6 25. Qc3 Rf8 26. Rfd3 f5 27. exf5 Rxf5 28.
Rf3 e4 29. Rxf5 gxf5 30. Kh2 Qb6 31. f4 Bg7 32. Qd2 Rg6 33. h4 Qd8 34. Ng1 Re6
35. Nh3 Bf6 36. Qe3 Kg6 37. Ng5 Bxg5 38. fxg5 Qe7 39. Kg2 Re5 40. Qd2 d5 41.
cxd5 Rxd5 42. Qe2 Qd6 43. Rxd5 Qxd5 44. Kf2 Qd4+ 45. Kf1 e3 46. Qd3 Qe5 47. Ke2
Qxg3 48. Qxe3 Qxh4 49. Qxc5 Qe4+ 50. Kf2 Kxg5 51. Qxa5 h4 52. Qd8+ Kg4 53. Qd1+
Kg5 54. Qd8+ Kg4 55. Qd1+ Kg5 56. a5 Qf4+ 57. Kg2 Qg3+ 58. Kh1 Qh3+ 59. Kg1 Qe3+
60. Kh1 Qe4+ 61. Kg1 Qe3+ 62. Kh1 Qe4+ 63. Kg1 Qe3+ 1/2-1/2

[Event "World Blitz 2025"]
[Site "Doha QAT"]
[Date "2025.12.30"]
[Round "17.15"]
[White "Praggnanandhaa, R"]
[Black "Keymer, Vincent"]
[Result "0-1"]
[WhiteTitle "GM"]
[BlackTitle "GM"]
[WhiteElo "2761"]
[BlackElo "2776"]
[WhiteFideId "25059530"]
[BlackFideId "12940690"]
[EventDate "2025.12.29"]

1. e4 e5 2. Nf3 Nc6 3. Bc4 d6 4. Nc3 Be7 5. O-O Nf6 6. d3 Na5 7. Bb3 Nxb3 8.
axb3 O-O 9. d4 exd4 10. Nxd4 Re8 11. Re1 h6 12. h3 Bf8 13. Bf4 a6 14. Qf3 c5 15.
Nde2 Bd7 16. Rad1 Bc6 17. Ng3 b5 18. Nf5 Re6 19. Re3 b4 20. Nd5 Nxd5 21. exd5
Rxe3 22. Qxe3 Bb5 23. Qg3 Qf6 24. Nxd6 Qxb2 25. Nxb5 axb5 26. Qd3 Rd8 27. d6 Qf6
28. Bg3 c4 29. Qd5 Qc3 30. Bh4 Rd7 31. Qxb5 Qxc2 32. Re1 Rxd6 33. bxc4 b3 34.
Qb8 Re6 35. Rxe6 fxe6 36. Be7 b2 37. Qxf8+ Kh7 38. Bd6 b1=Q+ 39. Kh2 Qf5 40. Qe7
Qxf2 0-1

[Event "World Blitz 2025"]
[Site "Doha QAT"]
[Date "2025.12.30"]
[Round "17.16"]
[White "Le, Quang Liem"]
[Black "Pantsulaia, Levan"]
[Result "1-0"]
[WhiteTitle "GM"]
[BlackTitle "GM"]
[WhiteElo "2731"]
[BlackElo "2472"]
[WhiteFideId "12401137"]
[BlackFideId "13602071"]
[EventDate "2025.12.29"]

1. d4 d5 2. c4 e5 3. dxe5 Ne7 4. Nf3 Nbc6 5. cxd5 Qxd5 6. Qxd5 Nxd5 7. a3 h6 8.
e4 Nb6 9. h4 Be6 10. Be3 Nc4 11. Bxc4 Bxc4 12. Nbd2 Bd3 13. Rc1 O-O-O 14. h5 Be7
15. Rh3 Rhe8 16. Rg3 Bf8 17. Bc5 Ne7 18. Bxa7 Rd7 19. e6 fxe6 20. Ne5 Ba6 21.
Nxd7 Kxd7 22. Bd4 Nc6 23. Bxg7 Bd6 24. Rg6 Ne5 25. Bxe5 Bxe5 26. Nc4 Bd4 27.
Rxh6 b5 28. Rd1 c5 29. Ne5+ Kc7 30. Rxd4 cxd4 31. Rh7+ Kd6 32. f4 Bc8 33. b4 Rg8
34. Kf2 1-0

[Event "World Blitz 2025"]
[Site "Doha QAT"]
[Date "2025.12.30"]
[Round "17.17"]
[White "Grischuk, Alexander"]
[Black "Hovhannisyan, Robert"]
[Result "1-0"]
[WhiteTitle "GM"]
[BlackTitle "GM"]
[WhiteElo "2654"]
[BlackElo "2621"]
[WhiteFideId "4126025"]
[BlackFideId "13302507"]
[EventDate "2025.12.29"]

1. e4 e5 2. Nf3 Nc6 3. Bb5 Nf6 4. d3 Bc5 5. Bxc6 dxc6 6. Nbd2 b6 7. O-O Nd7 8.
c3 O-O 9. Re1 Re8 10. d4 Bd6 11. Nc4 Ba6 12. Qa4 Bb7 13. Ncxe5 Nxe5 14. dxe5
Bxe5 15. Nxe5 Rxe5 16. Bf4 Re6 17. f3 Qe7 18. Red1 a5 19. h3 h6 20. Kh2 Rf6 21.
Bg3 Rg6 22. Qd4 Qg5 23. Qe5 Rc8 24. Qxg5 hxg5 25. Rd7 c5 26. Rad1 Ba6 27. Bxc7
a4 28. b3 axb3 29. axb3 Bb5 30. Rd8+ Rxd8 31. Rxd8+ Kh7 32. Rb8 Bd3 33. Bxb6 c4
34. b4 Rd6 35. b5 Bf1 36. Bd4 Rd7 37. b6 Kg6 38. Rc8 f5 39. Rc7 1-0

[Event "World Blitz 2025"]
[Site "Doha QAT"]
[Date "2025.12.30"]
[Round "17.18"]
[White "Mamedyarov, Shakhriyar"]
[Black "Tabatabaei, M. Amin"]
[Result "1-0"]
[WhiteTitle "GM"]
[BlackTitle "GM"]
[WhiteElo "2730"]
[BlackElo "2700"]
[WhiteFideId "13401319"]
[BlackFideId "12521213"]
[EventDate "2025.12.29"]

1. c4 e6 2. Nc3 d5 3. d4 Nf6 4. Bg5 Be7 5. e3 h6 6. Bxf6 Bxf6 7. Rc1 O-O 8. Nf3
c6 9. h4 g6 10. h5 g5 11. Bd3 Bg7 12. O-O Nd7 13. cxd5 exd5 14. Ne2 Nf6 15. Ng3
Bg4 16. Qb3 Qb6 17. Ne5 Qxb3 18. axb3 Be6 19. f4 Ng4 20. Rce1 Nxe5 21. fxe5 f6
22. exf6 Rxf6 23. Rxf6 Bxf6 24. Rf1 Bg7 25. Bf5 Bf7 26. Bh7+ Kxh7 27. Rxf7 Kg8
28. Rxb7 Bf8 29. Nf5 a5 30. Kf2 a4 31. bxa4 Rxa4 32. Rc7 Rc4 33. Kf3 Rc2 34. b3
Rc3 35. b4 Rc4 36. Rb7 Rc1 37. b5 cxb5 38. Rxb5 Kf7 39. Rxd5 Ke6 40. Rb5 Rh1 41.
g4 Rf1+ 42. Ke4 Rg1 43. Rb6+ Kd7 44. Nxh6 Rg3 45. Kd3 Ba3 46. Nf7 Bc1 47. Ne5+
Ke7 48. h6 Bxe3 49. h7 1-0

[Event "World Blitz 2025"]
[Site "Doha QAT"]
[Date "2025.12.30"]
[Round "17.19"]
[White "Paravyan, David"]
[Black "Sadhwani, Raunak"]
[Result "1-0"]
[WhiteTitle "GM"]
[BlackTitle "GM"]
[WhiteElo "2582"]
[BlackElo "2638"]
[WhiteFideId "4194985"]
[BlackFideId "35093487"]
[EventDate "2025.12.29"]

1. e4 d6 2. d4 g6 3. Nc3 Bg7 4. Nf3 Nf6 5. Be2 O-O 6. Be3 a6 7. h4 Bg4 8. e5
Nfd7 9. e6 Bxe6 10. Ng5 Nf6 11. Nxe6 fxe6 12. h5 gxh5 13. Bxh5 Nc6 14. Bg4 Nxg4
15. Qxg4 Qe8 16. Qxe6+ Qf7 17. Qe4 Qf5 18. O-O-O Qxe4 19. Nxe4 Rf5 20. g4 Ra5
21. a3 Rf8 22. f4 Nd8 23. Rh3 h6 24. Ng3 Ne6 25. Nh5 Bh8 26. d5 Nd8 27. f5 Nf7
28. Nf4 Rc8 29. Ne6 c6 30. dxc6 Rxc6 31. Bxh6 Rb6 32. c3 Rab5 33. Rd2 Rc6 34.
Be3 Rc4 35. Bd4 Bxd4 36. Nxd4 Re5 37. g5 Re1+ 38. Kc2 Rg1 39. g6 Ng5 40. Rh5 Kg7
41. Rxg5 Rxg5 42. Ne6+ Kf6 43. Nxg5 Kxg5 44. g7 1-0

[Event "World Blitz 2025"]
[Site "Doha QAT"]
[Date "2025.12.30"]
[Round "17.20"]
[White "Pranesh, M"]
[Black "Robson, Ray"]
[Result "1-0"]
[WhiteTitle "GM"]
[BlackTitle "GM"]
[WhiteElo "2627"]
[BlackElo "2650"]
[WhiteFideId "35028600"]
[BlackFideId "2023970"]
[EventDate "2025.12.29"]

1. e4 e5 2. Nf3 Nc6 3. Nc3 Nf6 4. Bb5 Nd4 5. Ba4 Bc5 6. Nxe5 O-O 7. Nd3 Bb6 8.
e5 Ne8 9. Nd5 d6 10. Ne3 dxe5 11. Nxe5 Nf6 12. c3 Nf5 13. d4 c5 14. dxc5 Bxc5
15. Qxd8 Rxd8 16. Bb3 Nxe3 17. Bxe3 Bxe3 18. fxe3 Be6 19. Bxe6 fxe6 20. Ke2 Rd5
21. Nf3 Rc8 22. Rhd1 Kf8 23. Rxd5 exd5 24. Nd4 g6 25. a4 Ke7 26. a5 a6 27. Ra4
Ne4 28. Ra1 Rc5 29. Nc2 Nd6 30. Kd3 Nc4 31. b3 Ne5+ 32. Kd2 Nc6 33. b4 Rc4 34.
Rf1 Ne5 35. Nd4 Rc8 36. Nb3 Nc4+ 37. Ke2 Nxe3 38. Rf3 Nf5 39. Nc5 Rc7 40. Kd3
Kd6 41. g4 Nh6 42. Rf6+ Ke5 43. Re6+ Kf4 44. Rxa6 Rxc5 45. Rf6+ Ke5 46. bxc5
Kxf6 47. c6 Nf7 48. cxb7 Ne5+ 49. Kd4 Nc6+ 50. Kxd5 Nb8 51. Ke4 1-0

[Event "World Blitz 2025"]
[Site "Doha QAT"]
[Date "2025.12.30"]
[Round "17.21"]
[White "Gukesh, D"]
[Black "Yakubboev, Nodirbek"]
[Result "1-0"]
[WhiteTitle "GM"]
[BlackTitle "GM"]
[WhiteElo "2754"]
[BlackElo "2691"]
[WhiteFideId "46616543"]
[BlackFideId "14203987"]
[EventDate "2025.12.29"]

1. e4 c5 2. Nf3 d6 3. d4 cxd4 4. Nxd4 Nf6 5. Nc3 a6 6. g3 e5 7. Nf3 h6 8. a4 Be6
9. Bg2 Nc6 10. O-O Rc8 11. Qe2 Be7 12. Rd1 O-O 13. Nd5 Bxd5 14. exd5 Nb4 15. c3
Nbxd5 16. Nh4 e4 17. Nf5 Re8 18. Bxh6 gxh6 19. Nxh6+ Kg7 20. Nf5+ Kf8 21. Bxe4
Nxe4 22. Qxe4 Nf6 23. Qf4 Ng8 24. Qg4 Bg5 25. Rxd6 Nh6 26. Qh5 1-0

[Event "World Blitz 2025"]
[Site "Doha QAT"]
[Date "2025.12.30"]
[Round "17.22"]
[White "Ahmad, Khagan"]
[Black "Alekseenko, Kirill"]
[Result "1-0"]
[WhiteTitle "IM"]
[BlackTitle "GM"]
[WhiteElo "2472"]
[BlackElo "2659"]
[WhiteFideId "13431552"]
[BlackFideId "4135539"]
[EventDate "2025.12.29"]

1. e4 e5 2. Nf3 Nc6 3. Nc3 Nf6 4. a3 d6 5. d4 Be7 6. Bb5 Bd7 7. d5 Nb8 8. Bd3
O-O 9. Ne2 Nxe4 10. Bxe4 f5 11. Bd3 e4 12. Nfd4 exd3 13. Qxd3 c5 14. dxc6 Nxc6
15. O-O Kh8 16. Nxc6 bxc6 17. Bf4 Be6 18. Nd4 Qd7 19. Nxe6 Qxe6 20. Rfe1 Qf6 21.
b4 Rfe8 22. Rad1 Bf8 23. Rxe8 Rxe8 24. h3 d5 25. Be3 Qf7 26. Qd4 Re7 27. c3 h6
28. a4 a6 29. Qb6 Re6 30. Qxa6 f4 31. Bd4 f3 32. g3 Qf5 33. Qf1 Bd6 34. a5 Re2
35. a6 Qc8 36. a7 Qa8 37. Rd3 Ra2 38. Rxf3 c5 39. bxc5 Rxa7 40. cxd6 Ra1 41.
Rf8+ 1-0